The message of mission : (Record no. 21081)
[ view plain ]
| 000 -LEADER | |
|---|---|
| fixed length control field | 01218nam a2200241 a 4500 |
| 003 - CONTROL NUMBER IDENTIFIER | |
| control field | PILC |
| 005 - DATE AND TIME OF LATEST TRANSACTION | |
| control field | 20241030154453.0 |
| 008 - FIXED-LENGTH DATA ELEMENTS--GENERAL INFORMATION | |
| fixed length control field | 140503s2003 xx 00 eng d |
| 010 ## - LIBRARY OF CONGRESS CONTROL NUMBER | |
| LC control number | Acc#43787 |
| 020 ## - INTERNATIONAL STANDARD BOOK NUMBER | |
| International Standard Book Number | 0830824073 |
| 040 ## - CATALOGING SOURCE | |
| Transcribing agency | Philippine Baptist Theological Seminary |
| 050 ## - LIBRARY OF CONGRESS CALL NUMBER | |
| Classification number | BV 2061 |
| Item number | P437 2003 |
| 100 10 - MAIN ENTRY--PERSONAL NAME | |
| Personal name | Peskett, Howard |
| 245 14 - TITLE STATEMENT | |
| Title | The message of mission : |
| Remainder of title | the glory of Christ in all time and space / |
| Statement of responsibility, etc. | Howard Peskett, Vinoth Ramachandra. |
| 260 0# - PUBLICATION, DISTRIBUTION, ETC (IMPRINT) | |
| Place of publication, distribution, etc. | Chicago, IL : |
| Name of publisher, distributor, etc. | Inter-Varsity Press, |
| Date of publication, distribution, etc. | 2003. |
| 300 ## - PHYSICAL DESCRIPTION | |
| Extent | 288 p. ; 21 cm. |
| 440 #0 - SERIES STATEMENT/ADDED ENTRY--TITLE | |
| Title | The Bible Speaks Today |
| 500 ## - GENERAL NOTE | |
| General note | Includes study guide: p. 277-288. |
| 505 ## - FORMATTED CONTENTS NOTE | |
| Formatted contents note | Part 1 World horizons<br/>The glory of Christ<br/>Life and dominion<br/>The incomparable God<br/>The word made flesh<br/><br/>Part 2 The international purposes of God<br/>Chosen to bless<br/>A distinctive people<br/>A resentful servant<br/>A ready servant<br/><br/>Part 3 Three-in-one mission<br/>The freedom Jesus brings<br/>The mandate Jesus gives<br/>The way Jesus commands<br/>The spirit of mission<br/>A model of mission<br/><br/>Part 4 Doxology<br/>The consummation of creation's song<br/>Certainties of the new covenant |
| 650 ## - SUBJECT ADDED ENTRY--TOPICAL TERM | |
| Topical term or geographic name as entry element | MISSIONS |
| General subdivision | BIBLICAL TEACHING. |
| 700 1# - ADDED ENTRY--PERSONAL NAME | |
| Personal name | Ramachandra, Vinoth |
| 942 ## - ADDED ENTRY ELEMENTS (KOHA) | |
| Koha item type | Circulation Books |
| Source of classification or shelving scheme | Library of Congress Classification |
| Withdrawn status | Lost status | Source of classification or shelving scheme | Damaged status | Not for loan | Home library | Current library | Shelving location | Date acquired | Source of acquisition | Total Checkouts | Total Renewals | Full call number | Barcode | Date last seen | Date last checked out | Price effective from | Koha item type |
|---|---|---|---|---|---|---|---|---|---|---|---|---|---|---|---|---|---|
| Dewey Decimal Classification | PBTS Library | PBTS Library | Circulation Section | 05/03/2014 | 4 | 7 | BV 2061 P437 2003 | 43787 | 03/18/2026 | 09/17/2019 | 04/02/2015 | Circulation Books |